=LDR 00000nam 2200000 4500 =001 INLIS000000000026232 =005 20130612124702 =008 ***********************************ind** =035 ##$$0010-061300000026232 =041 ##$$a ind =082 ##$$a 334 =090 ##$$a 334, TUP k =100 ##$$a Tupanno, A.W.J =245 ##$$a Kitab Pelajaran Ekonomi dan Koperasi II, A.W.J. Tupanno =260 ##$$a 1979 $b Jakarta =300 ##$$a 75 hlm., 21 cm =650 ##$$a Koperasi =850 ##$$a NBPNMAT